Culture générale - numéro 15 - Statistiques

Statistiques générales
  • Ce quiz a été pris 204 fois
  • Le résultat moyen est 8 sur 15
Statistiques - réponses
Question Réponse % Correct
Qui pillait des banques avec Bonnie? Clyde
88%
De quelle émission Émilien est-il difficilement détrônable? Les 12 coups de midi
81%
Comment s'appelle, lors d'une élection, un papier rendu vierge? Vote blanc
74%
A combien équivaut 81 divisé par 3? 27
71%
Comment se nomme ce sport de précision pratiqué sur la glace avec des pierres de granit? Curling
70%
Comment désigne t-on plus communément un gastéropode? Escargot
63%
Quel américain est le père de X Æ A-12? Elon Musk
53%
À quel pays appartient l'île de Pâques? Chili
52%
A combien de m2 équivaut un hectare? (réponses en lettres) Dix-mille
52%
Quel astronome polonais est à l'origine de l'héliocentrisme? Copernic
49%
Quel magasine américain est célèbre pour ses listes de classement? Forbes
48%
Quel métier exerce Nina Métayer? Pâtissière
25%
Qu'est ce que le Challenger 2 ou le T-14 Armata? Char d'assaut
18%
Quel est le seul pays composé de 13 lettres, en un seul mot? Liechtenstein
18%
Quel est l'autre nom des planètes telluriques? Rocheuses
14%
Aucun quiz correspondant
Distribution des résultats
% des personnes avec chaque résultat
Percentile par nombre de réponses
Votre historique - résultats
Vous n’avez pas pris ce quiz